Statistics for Best-Selling Breakfast Cereals Quiz

Click here to take the quiz!

General Stats

  • This quiz has been taken 83,247 times
    (49,847 since last reset)
  • The average score is 5 of 10

Answer Stats

SalesCereal% Correct
$446 mFrosted Flakes
79%
$364 mCheerios
78%
$176 mFroot Loops
65%
$259 mLucky Charms
61%
$170 mRaisin Bran
44%
$284 mSpecial K
40%
$556 mHoney Nut Cheerios
34%
$292 mCinnamon Toast Crunch
34%
$281 mFrosted Mini-Wheats
24%
$379 mHoney Bunches of Oats
23%

Score Distribution

Percentile by Number Answered

Percent of People with Each Score

Your Score History

You have not taken this quiz since the last reset